000 00334pab a2200157 454500
008 180718b1998 xxu||||| |||| 00| 0 eng d
100 _aBajaj, B.L.
245 _aTime management
260 _c1998
300 _ap.33-40
362 _aJan-Jun
650 _aTime
650 _aManagement
773 _aPrashasnika
909 _a39895
999 _c39895
_d39895